¿Quién conoce a Greta Garbo? / (Registro nro. 3268)

Detalles MARC
000 -LEADER
fixed length control field 01005nam a2200193 a 4500
008 - CAMPO DE CONTROL (LIBRO)
fixed length control field 190917t2018 ag |||g |||| 001 0 spa d
020 ## - INTERNATIONAL STANDARD BOOK NUMBER
ISBN 9789879334539
041 ## - CODIGO DE IDIOMA
Código de idioma del texto/pista de sonido o título separado spa
092 ## - SIGNATURA TOPOGRAFICA DEWEY LOCAL
número de clasificación 808
libristica 36
sección HUI
100 1# - ENTRADA PRINCIPAL--NOMBRE PERSONAL
Nombre personal Huidobro, Norma.
9 (RLIN) 4317
245 #1 - TITULO PROPIAMENTE DICHO
Título ¿Quién conoce a Greta Garbo? /
Mención de responsabilidad y remanente de la transcripción de la portada Norma Huidobro
250 ## - MENCION DE EDICION
Mención de edición 1a ed. 17a reimp.
260 ## - PIE DE IMPRENTA
Lugar de publicación, distribución, etc Buenos Aires:
Nombre de la editorial, distribuidor, etc Norma;
Fecha de publicación 2018.
300 ## - DESCRIPCION FISICA
Extension 237 p.
500 ## - NOTA GENERAL
Nota general Huidobro, N. (2018). ¿Quién conoce a Greta Garbo?. (1a ed.). Buenos Aires : Norma.
505 ## - NOTA DE CONTENIDO
Nota de contenido formateada Por fin conocí a Verónica Morel, claro que en la sección de policiales de un diario no era la mejor forma de conocerla. Pero ya no quedaba otra. Verónica había sido asesinada y ella, Greta, había visto esa cara en otro lugar. ¿Dónde? Tal vez en la televisión, en algún comercial, o en alguna de esas telenovelas que sus padres le tenían prohibidas pero que ella veía igual. Verónica Morel, veintisiete años, estrangulada...
655 ## - MATERIA - GENERO/FORMA
Género/Forma Literatura
-- 2917
942 ## - ADDED ENTRY ELEMENTS (KOHA)
Source of classification or shelving scheme Dewey Decimal Classification
Item type LITERATURA
Existencias
Estado de retiro Existencia Fuente de clasificación Estado general No para prestamo Ubicación permanente ubicación actual Sala de ubicación Fecha de adquisición Fuente de adquisición Total Checkouts Número de clasificación Código de barras Date last seen Número de ejemplar Price effective from Koha tipo de elemento (item) Public note Coded location qualifier
    Dewey Decimal Classification     Biblioteca Medicina Biblioteca Medicina Circulación 16/05/2025 Donación Mayo 2025. Silva, Zamira Florencia.   808 36 HUI 5029 16/05/2025 Ej. 1 16/05/2025 LITERATURA Donación Mayo 2025. Silva, Zamira Florencia. Sede Tordos.  

UNIVERSIDAD NACIONAL DEL COMAHUE
Biblioteca de la Facultad de Ciencias Médicas
Sede Toschi: Los Arrayanes y Av. Toschi, Cipolletti  - Rio Negro
Sede Los Tordos:  Yrigoyen al 2211, Cipolletti - Rio Negro 

Teléfono: 0299 - 4774707 int 25
Contacto: biblioteca@facimed.uncoma.edu.ar
© 2011 - 2026